00722nam a2200241 a 4500001001300000003000900013005001700022008004100039020001000080082002000090100002500110245003500135260005200170300000900222500003500231505001000266650002900276700002500305902000800330942000700338952012000345999001500465nice12345678IN_TiNIC20260116011525.0050524s1951 mada grd 000 0 tam  ac10000a494.811321bPIL aPillai, V Visvanatha aDictionaryb Tamil and English aMadrasbMadras School Book & Lit. Societyc1951 a706p aincludes index and biblioraphy2 aIndex aDictionary-Tamil English1 aPillai, V Visvanatha bRHR cBK 001040708ReferHall-aHMIbHMId2007-06-08g100.00l0o494.811321 PILp01442r2007-06-08v100.00w2005-05-24yBK c2291d2291